ASSESSMENT FOR LEARNING (Record no. 12741)
[ view plain ]
| 000 -LEADER | |
|---|---|
| fixed length control field | 00282nam a22001337a 4500 |
| 003 - CONTROL NUMBER IDENTIFIER | |
| control field | SGT |
| 082 ## - DEWEY DECIMAL CLASSIFICATION NUMBER | |
| Classification number | 360 |
| Item number | A16M |
| 100 ## - MAIN ENTRY--PERSONAL NAME | |
| Personal name | MANGAL, S.K. |
| 245 ## - TITLE STATEMENT | |
| Title | ASSESSMENT FOR LEARNING |
| 260 ## - PUBLICATION, DISTRIBUTION, ETC. (IMPRINT) | |
| Place of publication, distribution, etc | LUDHIANA |
| Name of publisher, distributor, etc | TANDON PUB |
| Year of Publication | 2016 |
| 300 ## - PAGE DESCRIPTION | |
| No. of Pages | 252 |
| 650 ## - SUBJECT ADDED ENTRY--TOPICAL TERM | |
| Topical term or geographic name as entry element | EDUCATION |
| 942 ## - ADDED ENTRY ELEMENTS (KOHA) | |
| Source of classification or shelving scheme | Dewey Decimal Classification |
| Koha item type | Books |
| 942 ## - ADDED ENTRY ELEMENTS (KOHA) | |
| -- | 1 |
| Withdrawn status | Lost status | Source of classification or shelving scheme | Damaged status | Not for loan | Collection code | Home library | Current library | Shelving location | Date acquired | Vendor Name | Cost, normal purchase price | SGTU | Bill Number | Total Checkouts | Total Renewals | Full call number | Accession No. (Barcode) | Date last seen | Date last borrowed | Bill Date | Koha item type |
|---|---|---|---|---|---|---|---|---|---|---|---|---|---|---|---|---|---|---|---|---|---|
| Dewey Decimal Classification | EDUCATION | SGT Engineering Library | SGT Engineering Library | Text Book | 25/07/2017 | ONS BOOK | 250.50 | SGTU | ONS/GTT/01-16-17 | 8 | 1 | 360 A16M | ED3190 | 10/09/2021 | 01/09/2021 | 24/03/2017 | Books | ||||
| Dewey Decimal Classification | EDUCATION | SGT Engineering Library | SGT Engineering Library | Text Book | 25/07/2017 | ONS BOOK | 250.50 | SGTU | ONS/GTT/01-16-17 | 4 | 360 A16M | ED3191 | 09/05/2022 | 23/04/2022 | 24/03/2017 | Books |